| 000 | 00745cab a2200229 4500 | ||
|---|---|---|---|
| 001 | WB3215-25 | ||
| 008 | 090401t1996 xxu||||| |||| 00| 0 eng d | ||
| 035 | _a(Sirsi) u69718 | ||
| 041 | _aeng | ||
| 245 | _aBird conservation guidelines published | ||
| 260 | _c1996 | ||
| 350 | _a0 | ||
| 490 |
_aMAFF News Release _v(124/96) 3 April 1996, (3) |
||
| 520 | _aMAFF guidelines to 11,000 farmers to help conserve declining species of farmland birds, form part of a joint project with the RSPB. Copies can be obtained from the RSPB Tel no. 01767 692365. | ||
| 650 | _aBIRDS | ||
| 650 | _aPROTECTION OF BIRDS | ||
| 650 | _aWILDLIFE CONSERVATION | ||
| 690 | _aCONSERVATION | ||
| 690 | _aRURAL PRACTICE | ||
| 942 | _n0 | ||
| 948 | _c04/03/1997 | ||
| 999 |
_c43815 _d43815 |
||